000 00440nam a2200133Ia 4500
003 GCL
008 140319s9999 xx 000 0 ara d
040 _aGCL /
_cGCL
082 0 4 _a211.2
_bع ب
245 1 0 _aبهجة المجالس: المشتملة على فنون كثيرة من العلوم والحكم والمواعظ
260 _a[S.N] :
_bوزارة التراث القومى والثقافة ،
_c1980
300 _a44
490 _a
999 _c59114
_d59114